Yusufain (urs) (Record no. 14824)

MARC details
000 -LEADER
fixed length control field 00546nam a2200241 a 4500
020 ## - INTERNATIONAL STANDARD BOOK NUMBER
ISBN
082 00 - DEWEY DECIMAL CLASSIFICATION NUMBER
Classification number 297.4
Author Cutter YUS
100 ## - MAIN ENTRY--AUTHOR NAME
Author name Yusufain,
245 ## - TITLE STATEMENT
Title Yusufain (urs)
260 ## - PUBLICATION, DISTRIBUTION, ETC. (IMPRINT)
Place of publication Hyderabad
Name of publisher Urs Committee
Year of publication 0000
300 ## - PHYSICAL DESCRIPTION
Number of Pages 00p
500 ## - GENERAL NOTE
General note includes index and biblioraphy
505 2# - FORMATTED CONTENTS NOTE
Formatted contents note CD
650 ## - SUBJECT ADDED ENTRY--TOPICAL TERM
Topical Term Shrine-Islam
942 ## - ADDED ENTRY ELEMENTS (KOHA)
Koha item type
700 1# -
-- Yusufain,
Holdings
Home library Current library Date acquired Cost, normal purchase price Full call number Accession Number Koha item type
Henry Martyn Institute Library Henry Martyn Institute Library 09/10/2018 6000.00 297.4 YUS C.1 022387 Visual Materials
Henry Martyn Institute Library Henry Martyn Institute Library 09/10/2018 6000.00 297.4 YUS C.2 022388 Visual Materials
Henry Martyn Institute Library Henry Martyn Institute Library 09/10/2018 6000.00 297.4 YUS C.3 022389 Visual Materials
                   Copyright © 2026 | Henry Martyn Institute | Hyderabad | TS-500052 | INDIA | Implemented by hmi.edu.in
Hit-Count:

Powered by Koha